00427 a2200121 4500100002800000245005100028300004000079650001900119773005500138942000700193952008800200999001700288 aNgnenbe, Timothy925213 aGhana committed to climate leadership -Jinapor aTuesday, September 5, 2023 Pages 13 aClimate9252140 x0855-1529dAccra Daily Graphic 2023tDaily Graphic cPR 001040718PRaPLbPLcTFWWd2023-09-13l0r2023-09-13 00:00:00t1w2023-09-13yPR c45858d45858